000 00833nam a2200289Ia 4500
005 20260324124737.0
008 008 260324s9999 xx 000 0 eng d
020 _a9781003513285
037 _aEBOOK
040 _aCRL
040 _beng
040 _cCRL
041 _2eng
041 _aeng
084 _qCRL
100 _aTetsuo Kishi; Richard Foulkes; Julia Swindells; Robert Sawyer; David Francis Taylor; Gail Marshall
_91175329
245 0 _aLives of Shakespearian Actors, Part III, Volume 1
245 0 _bCharles Kean, Samuel Phelps and William Charles Macready by their Contemporaries
260 _bTaylor and Francis
260 _c2010
365 _a
365 _b290
856 _uhttp://www.taylorfrancis.com/books/9781003513285
942 _cEBOOK
999 _c1769978
_d1769978